La Higiene de la primera infancia : ciencia para las madres / por Gustavo Martí de Revert ciencia para las madres / por Gustavo Martí de Revert

por Martí de Revert, Gustavo

Publicado: Vic : Librería y Tipografía Vicense , 1892
Descripción Física: 71 p. ; 16 cm

MARC

LEADER 00000nam a2200000Ia 4500
001 19866
008 160829s1892 xx 000 0 cat d
080 |a 1948, exp. 5 
100 |a Martí de Revert, Gustavo  |9 48293 
245 |a La Higiene de la primera infancia :  |b  ciencia para las madres / por Gustavo Martí de Revert 
260 |a Vic :  |b Librería y Tipografía Vicense,  |c 1892 
300 |a 71 p. ;  |c 16 cm 
590 |a A la coberta: Tratado que obtuvo el premio en el certament literario de San Gervasio de Cassolas del año 1890 
650 |a Infants   |9 43620 
650 |a Educació sanitària   |9 39355 
650 0 |a Puericultura   |9 25715 
650 |a Mares  |x Salut i higiene  |9 43622 
901 |a Arxiu 
942 |n 1 
952 |0 0  |1 0  |4 0  |6 1948_EXP_5  |7 1  |9 54450  |a Arxiu  |b Arxiu  |d 2016-12-01  |l 0  |o 1948, exp. 5  |p 19866  |r 2016-12-01 00:00:00  |w 2016-12-01  |y ARXIU 
999 |c 58319  |d 58319